Vyhodnocovanie spoľahlivosti obnovovaných systémov = Reliability analysis of restored systems : Dipl.práca

Gespeichert in:
Bibliographische Detailangaben
1. Verfasser: Miller, Marián (Verfasst von)
Weitere Verfasser: Hudec, Ján, 1953- (Betreuung Doktorarbeit)
Format: Manuskript Buch
Sprache:Slowakisch
Veröffentlicht: Bratislava : STU v Bratislave FEI, 1998
Schlagworte:
Tags: Tag hinzufügen
Keine Tags, Fügen Sie das erste Tag hinzu!

MARC

LEADER 00000ntm a22000003a 4500
001 stu50316
005 20160719164923.4
008 990716s1998------------------------slo-d
040 |a STU  |b slo 
041 0 |a slo 
100 1 |a Miller, Marián  |4 aut 
245 1 |a Vyhodnocovanie spoľahlivosti obnovovaných systémov = Reliability analysis of restored systems :  |b Dipl.práca 
260 |a Bratislava :  |b STU v Bratislave FEI,  |c 1998 
300 |a 38 s., disketa 
650 7 |a informatika  |2 stusub 
700 1 |a Hudec, Ján,  |d 1953-  |4 ths  |u E220  |U FEI Fakulta elektrotechniky a informatiky  |T FEI Katedra informatiky a výpočtovej techniky  |X 1995  |U E220  |Y 69  |7 A000001995 
996 |b EDIPL-5780  |c I*DIPL-5780  |l II680  |s A  |a 24  |w stu50316_0001